Math Subtraction Problems (Integers 1 - 400) - Statistics

General Stats
  • This quiz has been taken 310 times
  • The average score is 10 of 10
Answer Stats
Problem Answer % Correct
90 - 80 = 10
100%
333 - 222 = 111
99%
357 - 223 = 134
99%
98 - 20 = 78
99%
35 - 26 = 9
99%
258 - 43 = 215
98%
102 - 44 = 58
98%
117 - 42 = 75
98%
201 - 79 = 122
97%
322 - 154 = 168
97%
No matching quizzes found
Score Distribution
Percent of People with Each Score
Percentile by Number Answered
Your Score History
You have not taken this quiz